000 02739nam a2200421Ia 4500
001 dia_3147
003 CHAP
005 20250625182547.0
007 ta
008 220117s2004 mx ado fr 001 0 spa d
010 _a173645
020 _a968-24-6999-6
040 _cCHAP
_amxchpua
_erda
041 _aspa
_bspa
_fspa
_hspa
050 1 _aSF271
_b.V55 2004
082 _220
_a637.3
_bV55 2004
100 1 _aVillegas de Gante, Abraham
_9119748
245 1 3 _aTecnología quesera /
_cAbraham Villegas de Gante
250 _a1a edición
264 _aMéxico :
_bTrillas,
_c2004
300 _a398 páginas :
_bilustraciones, gráficas, diagramas, tablas, fotos
336 _2rdacontent
_atexto
_btxt
337 _2rdamedia
_ano mediado
_bn
338 _2rdacarrier
_avolumen
_bnc
504 _aBibliografía: p. 376-377
505 0 _a1. La agroindustria quesera en México -- 2. La leche: composición, estructura y naturaleza -- 3. Microbiología de la leche para quesería -- 4. Calidad de la leche para quesería -- 5. Higienización de la leche para quesería -- 6. Cultivos lácticos -- 7. Clasificación, composición y rendimiento de los quesos -- 8. Principios de cuajado de la leche -- 9. Los pasos principales para elaborar un queso -- 10. Maduración del queso -- 11. Los quesos mexicanos -- 12. Quesos geniunos y de imitación -- 13. Fichas técnicas -- Anexo -- Glosario-- Bibliografía -- Índice
520 2 _aLa elaboración de quesos es sin duda un trabajo arduo en el que intervienen los conocimientos teóricos y la experiencia práctica, para lograr la máxima calidad de este producto.En esta obra el lector encontrará desde las bases científicas hasta la tecnología para la producción tanto de quesos genuinos como de imitación, conocidos y apreciados en todo el mundo, con orientación a los quesos mexicanos.El autor expone los rasgos esenciales de la tecnología quesera y de la agroindustria que los fabrica, de acuerdo con una concepción de cadena productiva.Tecnología quesera está dirigido a estudiantes de la materia de tecnología de alimentos y afines, académicos, profesionales, comerciantes e industriales interesados en la transformación de la leche, así como a los que participan en el proceso y manejo de este exquisito y gustado alimento.
650 1 3 _aQueso
_zMéxico
_9154107
_2atg
650 1 3 _aElaboración de queso
_9154164
_2atg
650 1 3 _aIndustria del queso
_9153493
_2atg
650 1 3 _aCheese
_zMexico
_9154163
_2atg
650 1 3 _aCheese industry
_9154162
_2atg
650 1 3 _aCheesemaking
_9146964
_2atg
901 _a637.3 V55 2004
902 _aM
905 _a5232272004 MX aimn8222223322SPA16
942 _cLIBRO
_2ddc
999 _c173645
_d173645